Clemenceau, chef de guerre (notice n° 1568257)
[ vue normale ]
| 000 -LEADER | |
|---|---|
| fixed length control field | 01154cam a2200133 4500500 |
| 005 - DATE AND TIME OF LATEST TRANSACTION | |
| control field | 20251214004141.0 |
| 041 ## - LANGUAGE CODE | |
| Language code of text/sound track or separate title | fre |
| 042 ## - AUTHENTICATION CODE | |
| Authentication code | dc |
| 100 10 - MAIN ENTRY--PERSONAL NAME | |
| Personal name | Becker, Jean-Jacques |
| Relator term | author |
| 245 00 - TITLE STATEMENT | |
| Title | Clemenceau, chef de guerre |
| 260 ## - PUBLICATION, DISTRIBUTION, ETC. | |
| Name of publisher, distributor, etc. | Armand Colin,<br/> |
| Date of publication, distribution, etc. | 2012.<br/> |
| 520 ## - SUMMARY, ETC. | |
| Summary, etc. | Commencée sous le Second Empire, la vie politique de Clemenceau a été très longue. Il a connu la Commune et plus de trente ans de IIIe République dont il fut un des présidents du Conseil. Mais que serait-il resté de lui dans la mémoire nationale si, en novembre 1917, aux pires heures de la Grande Guerre, quand politiciens et généraux semblaient avoir perdu la partie, le président Poincaré ne s’était résolu à l’appeler au pouvoir ? L’homme a alors 76 ans ; il n’a cessé depuis le début du conflit, comme parlementaire et comme journaliste, d’exhorter à la vigilance, à l’effort et au sursaut. En moins d’un an, il va conduire le pays à la victoire. Le Tigre entrait dès lors dans la geste française, pour toujours. |
| 856 41 - ELECTRONIC LOCATION AND ACCESS | |
| Uniform Resource Identifier | <a href="https://shs.cairn.info/clemenceau-chef-de-guerre--9782200347130?lang=fr&redirect-ssocas=7080">https://shs.cairn.info/clemenceau-chef-de-guerre--9782200347130?lang=fr&redirect-ssocas=7080</a> |
Pas d'exemplaire disponible.




Réseaux sociaux